| 000 | 00614 a2200193 4500 | ||
|---|---|---|---|
| 001 | 135255 | ||
| 020 | _a85-99386-01-8 | ||
| 040 | _cLeonardo Da Vinci | ||
| 041 | _aPortuguês | ||
| 082 |
_a658 S628a _bS628a |
||
| 100 | _aSIQUEIRA, Belmiro | ||
| 245 |
_aAdm. Belmiro Siqueira _bpatrono dos administradores |
||
| 260 |
_bCRA-RJ _c2005 _aRio de Janeiro |
||
| 300 | _a55 | ||
| 362 | _a20050000 | ||
| 500 |
_aConselho Regional de Administração _aCoordenação de Adilson de Almeida, Leonardo R. Fuerth _aColaboração de Jovelino G Pires |
||
| 697 |
_aAdministração _aAprendizagem ética _aFIPEN |
||
| 942 | _cBK | ||
| 999 |
_c135255 _d135255 |
||